Países más cercanos a Bután - Estadísticas

Estadísticas generales
  • Esta prueba ha sido intentada 63 veces
  • La puntuación promedio es 18 de 20
Estadísticas de respuestas
km país % Correcto
0 China
100%
0 India
98%
63 Nepal
98%
1714 Afganistán
97%
1074 Laos
97%
297 Myanmar
95%
1410 Pakistán
95%
993 Tailandia
95%
43 Bangladés
93%
1693 Mongolia
93%
2369 Turkmenistán
93%
1779 Kazajistán
92%
1764 Kirguistán
92%
2108 Sri Lanka
92%
1131 Vietnam
92%
1805 Camboya
90%
1703 Tayikistán
88%
2055 Uzbekistán
88%
2329 Rusia
82%
2357 Indonesia
72%
No se encontraron pruebas coincidentes
Distribución de puntuación
Porcentaje de gente con cada puntuación
Porcentaje por número respondido
Historial de tus puntuaciones
No has intentado esta prueba.